000 00262nam a22001217a 4500
008 230703b xxu||||| |||| 00| 0 eng d
082 _a342
_bCKRC
100 _cCKRC
245 _aKatiba Mpya Inayopendekezwa
260 _c2005
300 _a75p
942 _2ddc
_cBK
999 _c3265
_d3265